Normal view
MARC view
Entry Personal Name
001 - CONTROL NUMBER
- control field: 49357
003 - CONTROL NUMBER IDENTIFIER
- control field: ARRUPE
005 - DATE AND TIME OF LATEST TRANSACTION
- control field: 20200205090213.0
008 - FIXED-LENGTH DATA ELEMENTS
- fixed length control field: 200205|| aca||aabn | a|a d
040 ## - CATALOGING SOURCE
- Original cataloging agency: ARRUPE
- Transcribing agency: ARRUPE
100 ## - HEADING--PERSONAL NAME
- Personal name: Watson, Vera,
- Dates associated with a name: 1906- [from old catalog]
670 ## - SOURCE DATA FOUND
- Source citation: Work cat.: (ARRUPE)0: Watson, Vera, 1906- [from old catalog], A queen at home;, 1952.